A school geometry. (Record no. 14014)
[ view plain ]
| 000 -LEADER | |
|---|---|
| fixed length control field | 00753cam a2200241 a 4500 |
| 001 - CONTROL NUMBER | |
| JCCL Control Number | 14014 |
| 003 - CONTROL NUMBER IDENTIFIER | |
| JCCL marc code | BD-JhCC |
| 005 - DATE AND TIME OF LATEST TRANSACTION | |
| control field | 20240523132831.0 |
| 008 - FIXED-LENGTH DATA ELEMENTS--GENERAL INFORMATION | |
| fixed length control field | 911203s1935 enka 000 0 eng d |
| 035 ## - SYSTEM CONTROL NUMBER | |
| system control number | (BD-JhCC)14013 |
| 035 ## - SYSTEM CONTROL NUMBER | |
| system control number | 1041440 |
| 040 ## - CATALOGING SOURCE | |
| Original cataloging agency | ANL |
| Transcribing agency | ANL |
| Modifying agency | BD-JhCC |
| 041 ## - LANGUAGE CODE | |
| Language code of Book | eng |
| 082 04 - DEWEY DECIMAL CLASSIFICATION NUMBER | |
| Classification number | 516.20076 |
| DDC Edition number | 19 |
| Author mark and Year | STE 1958 |
| 100 1# - MAIN ENTRY--PERSONAL NAME | |
| Personal name | Hall, H. S. |
| Fuller form of name | (Henry Sinclair), |
| Dates associated with a name | 1848-1934. |
| 245 12 - TITLE STATEMENT | |
| Title | A school geometry. |
| Number of part/section of a work | Parts I and II / |
| Statement of responsibility, etc | by H.S. Hall and F.H. Stevens. |
| 260 ## - PUBLICATION, DISTRIBUTION, ETC. (IMPRINT) | |
| Place of publication, distribution, etc | London, |
| Date of publication, distribution, etc | 1935. |
| 300 ## - PHYSICAL DESCRIPTION | |
| Pagination | 1 v. |
| 505 0# - FORMATTED CONTENTS NOTE | |
| Formatted contents note | pt. 1. Lines and angles. Rectilineal figures -- pt. 2. Areas of rectilineal figures. |
| 650 #0 - SUBJECT ADDED ENTRY--TOPICAL TERM | |
| Topical term or geographic name as entry element | Geometry |
| General subdivision | Problems, exercises, etc. |
| 700 1# - ADDED ENTRY--PERSONAL NAME | |
| Personal name | Stevens, F. H. |
| Fuller form of name | (Frederick Haller) |
| 942 ## - ADDED ENTRY ELEMENTS (KOHA) | |
| Source of classification or shelving scheme | Dewey Decimal Classification |
| Koha item type | Books |
| Source of classification or shelving scheme | Damaged status | Not for loan | Home library | Current library | Shelving location | Date of accession | Total Checkouts | Full call number | Barcode | Date last seen | Copy number | Method of acquisition | Koha item type | Currency |
|---|---|---|---|---|---|---|---|---|---|---|---|---|---|---|
| Dewey Decimal Classification | JCC Rouf Library | JCC Rouf Library | General Stacks | 516.20076 STE 1958 | 19525 | 05/23/2024 | C-1 | Purchase | Books | BDT |